[Event "Stay Safe Play From Home 325"]
[Site "Mustafa Kemal Atatürk"]
[Date "2020.07.23"]
[Round "3"]
[White "Dj amir"]
[Black "Lazieri3"]
[Result "1-0"]
[WhiteElo "2427"]
[BlackElo "2045"]
[PlyCount "103"]
[EventDate "2020.07.23"]
[EventType "swiss (blitz)"]

1. d4 {[%emt 0:00:01]} c6 {[%emt 0:00:00]} 2. Bf4 {[%emt 0:00:01]} d5 {[%emt 0:00:00]} 3. e3 {[%emt 0:00:00]} Bf5 {[%emt 0:00:00]} 4. Bd3 {[%emt 0:00:01]} Bxd3 {[%emt 0:00:01]} 5. cxd3 {[%emt 0:00:00]} e6 {[%emt 0:00:00]} 6. Nd2 {[%emt 0:00:02]} Bd6 {[%emt 0:00:00]} 7. Bg3 {[%emt 0:00:01]} Bxg3 {[%emt 0:00:01]} 8. hxg3 {[%emt 0:00:00]} h6 {[%emt 0:00:00]} 9. Qb3 {[%emt 0:00:00]} Qb6 {[%emt 0:00:02]} 10. g4 {[%emt 0:00:00]} Qxb3 {[%emt 0:00:01]} 11. Nxb3 {[%emt 0:00:00]} Nd7 {[%emt 0:00:01]} 12. g5 {[%emt 0:00:02]} Ke7 {[%emt 0:00:02]} 13. Nf3 {[%emt 0:00:01]} f6 {[%emt 0:00:01]} 14. gxh6 {[%emt 0:00:03]} Rxh6 {[%emt 0:00:01]} 15. Rxh6 {[%emt 0:00:01]} Nxh6 {[%emt 0:00:00]} 16. Ke2 {[%emt 0:00:00]} b6 {[%emt 0:00:03]} 17. Rh1 {[%emt 0:00:00]} Kd6 {[%emt 0:00:01]} 18. Rc1 {[%emt 0:00:05]} Rh8 {[%emt 0:00:01]} 19. Rh1 {[%emt 0:00:01]} Nf7 {[%emt 0:00:00]} 20. Rg1 {[%emt 0:00:03]} e5 {[%emt 0:00:03]} 21. g4 {[%emt 0:00:01]} exd4 {[%emt 0:00:03]} 22. Nbxd4 {[%emt 0:00:01]} g6 {[%emt 0:00:03]} 23. Rc1 {[%emt 0:00:02]} Nfe5 {[%emt 0:00:03]} 24. g5 {[%emt 0:00:06]} Nxf3 {[%emt 0:00:02]} 25. Nxf3 {[%emt 0:00:00]} f5 {[%emt 0:00:03]} 26. b4 {[%emt 0:00:01]} c5 {[%emt 0:00:02]} 27. bxc5+ {[%emt 0:00:00]} bxc5 {[%emt 0:00:00]} 28. Rb1 {[%emt 0:00:01]} Rb8 {[%emt 0:00:01]} 29. Rxb8 {[%emt 0:00:01]} Nxb8 {[%emt 0:00:02]} 30. Nh4 {[%emt 0:00:00]} c4 {[%emt 0:00:02]} 31. Nxg6 {[%emt 0:00:01]} cxd3+ {[%emt 0:00:01]} 32. Kxd3 {[%emt 0:00:01]} Nc6 {[%emt 0:00:00]} 33. f4 {[%emt 0:00:01]} Nb4+ {[%emt 0:00:02]} 34. Kd2 {[%emt 0:00:02]} Nxa2 {[%emt 0:00:01]} 35. Nh4 {[%emt 0:00:01]} Ke6 {[%emt 0:00:01]} 36. Nf3 {[%emt 0:00:00]} Nb4 {[%emt 0:00:02]} 37. Nd4+ {[%emt 0:00:00]} Kd6 {[%emt 0:00:01]} 38. Nxf5+ {[%emt 0:00:00]} Ke6 {[%emt 0:00:01]} 39. Nd4+ {[%emt 0:00:00]} Kf7 {[%emt 0:00:01]} 40. f5 {[%emt 0:00:01]} a5 {[%emt 0:00:01]} 41. Nb5 {[%emt 0:00:01]} a4 {[%emt 0:00:01]} 42. Kc3 {[%emt 0:00:01]} a3 {[%emt 0:00:02]} 43. Nxa3 {[%emt 0:00:02]} Nc6 {[%emt 0:00:01]} 44. Nb5 {[%emt 0:00:01]} Ke7 {[%emt 0:00:01]} 45. Nd4 {[%emt 0:00:02]} Ne5 {[%emt 0:00:01]} 46. Ne2 {[%emt 0:00:01]} Nf3 {[%emt 0:00:01]} 47. g6 {[%emt 0:00:01]} Kf6 {[%emt 0:00:00]} 48. Nf4 {[%emt 0:00:00]} Ne5 {[%emt 0:00:01]} 49. Nxd5+ {[%emt 0:00:01]} Kxf5 {[%emt 0:00:01]} 50. g7 {[%emt 0:00:00]} Nc6 {[%emt 0:00:01]} 51. g8=Q {[%emt 0:00:00]} Ke4 {[%emt 0:00:00]} 52. Qe6+ {[%emt 0:00:01] Time (Lag: Av=0.79s, max=1.6s)} 1-0

[Event "Stay Safe Play From Home 325"]
[Site "Mustafa Kemal Atatürk"]
[Date "2020.07.23"]
[Round "3"]
[White "AChessPlayer"]
[Black "Lamborghini"]
[Result "1-0"]
[WhiteElo "2355"]
[BlackElo "2248"]
[PlyCount "87"]
[EventDate "2020.07.23"]
[EventType "swiss (blitz)"]

1. e4 {[%emt 0:00:01]} c5 {[%emt 0:00:02]} 2. Nf3 {[%emt 0:00:01]} d6 {[%emt 0:00:01]} 3. d4 {[%emt 0:00:01]} cxd4 {[%emt 0:00:00]} 4. Nxd4 {[%emt 0:00:00]} Nf6 {[%emt 0:00:01]} 5. Nc3 {[%emt 0:00:00]} g6 {[%emt 0:00:00]} 6. g3 {[%emt 0:00:02]} Bg7 {[%emt 0:00:00]} 7. Bg2 {[%emt 0:00:00]} O-O {[%emt 0:00:00]} 8. O-O {[%emt 0:00:00]} Nbd7 {[%emt 0:00:00]} 9. Re1 {[%emt 0:00:01]} a6 {[%emt 0:00:00]} 10. a4 {[%emt 0:00:01]} Qc7 {[%emt 0:00:01]} 11. Nde2 {[%emt 0:00:01]} Rb8 {[%emt 0:00:01]} 12. Nf4 {[%emt 0:00:00]} b6 {[%emt 0:00:01]} 13. Nfd5 {[%emt 0:00:00]} Qd8 {[%emt 0:00:01]} 14. Bg5 {[%emt 0:00:03]} Bb7 {[%emt 0:00:01]} 15. Qd2 {[%emt 0:00:01]} Re8 {[%emt 0:00:04]} 16. Bh6 {[%emt 0:00:01]} Bxh6 {[%emt 0:00:02]} 17. Qxh6 {[%emt 0:00:02]} e6 {[%emt 0:00:00]} 18. Ne3 {[%emt 0:00:04]} Qc7 {[%emt 0:00:04]} 19. Rad1 {[%emt 0:00:01]} Rbd8 {[%emt 0:00:02]} 20. Qf4 {[%emt 0:00:01]} e5 {[%emt 0:00:03]} 21. Qh4 {[%emt 0:00:01]} Kg7 {[%emt 0:00:03]} 22. g4 {[%emt 0:00:01]} Nc5 {[%emt 0:00:03]} 23. g5 {[%emt 0:00:01]} Nfd7 {[%emt 0:00:01]} 24. Qh6+ {[%emt 0:00:02]} Kg8 {[%emt 0:00:02]} 25. Ncd5 {[%emt 0:00:00]} Qb8 {[%emt 0:00:05]} 26. Nf6+ {[%emt 0:00:01]} Nxf6 {[%emt 0:00:04]} 27. gxf6 {[%emt 0:00:00]} Ne6 {[%emt 0:00:01]} 28. Bh3 {[%emt 0:00:00]} Rd7 {[%emt 0:00:01]} 29. Nf5 {[%emt 0:00:04]} Bxe4 {[%emt 0:00:03]} 30. Ng3 {[%emt 0:00:10]} Ba8 {[%emt 0:00:03]} 31. Re3 {[%emt 0:00:05]} Kh8 {[%emt 0:00:01]} 32. Bxe6 {[%emt 0:00:02]} fxe6 {[%emt 0:00:01]} 33. Nh5 {[%emt 0:00:01]} Qb7 {[%emt 0:00:01]} 34. f3 {[%emt 0:00:00]} Rf7 {[%emt 0:00:01]} 35. Ng3 {[%emt 0:00:01]} d5 {[%emt 0:00:01]} 36. Rd2 {[%emt 0:00:00]} d4 {[%emt 0:00:01]} 37. Rb3 {[%emt 0:00:00]} Qd5 {[%emt 0:00:01]} 38. Rg2 {[%emt 0:00:00]} Ref8 {[%emt 0:00:01]} 39. Ne4 {[%emt 0:00:00]} Qxe4 {[%emt 0:00:01]} 40. fxe4 {[%emt 0:00:01]} Bxe4 {[%emt 0:00:00]} 41. Rf2 {[%emt 0:00:00]} Bf5 {[%emt 0:00:00]} 42. Rxf5 {[%emt 0:00:01]} Rxf6 {[%emt 0:00:00]} 43. Rh3 {[%emt 0:00:00]} exf5 {[%emt 0:00:00]} 44. Qxh7# {[%emt 0:00:00] (Lag: Av=0.40s, max=0.5s)} 1-0

[Event "Stay Safe Play From Home 325"]
[Site "Mustafa Kemal Atatürk"]
[Date "2020.07.23"]
[Round "3"]
[White "Stefanone"]
[Black "SelamiSahin"]
[Result "1-0"]
[WhiteElo "2060"]
[BlackElo "1899"]
[Annotator "NA"]
[PlyCount "127"]
[EventDate "2020.07.23"]
[EventType "swiss (blitz)"]

1. e4 {[%emt 0:00:02]} c6 {[%emt 0:00:01]} 2. d3 {[%emt 0:00:00]} d6 {[%emt 0:00:00]} 3. Nd2 {[%emt 0:00:01]} d5 {[%emt 0:00:00]} 4. Ngf3 {[%emt 0:00:01]} Bg4 {[%emt 0:00:01]} 5. Be2 {[%emt 0:00:01]} Bxf3 {[%emt 0:00:01]} 6. Bxf3 {[%emt 0:00:01]} e6 {[%emt 0:00:00]} 7. c3 {[%emt 0:00:01]} Nd7 {[%emt 0:00:00]} 8. Qc2 {[%emt 0:00:00]} Ngf6 {[%emt 0:00:00]} 9. O-O {[%emt 0:00:01]} Bd6 {[%emt 0:00:00]} 10. Re1 {[%emt 0:00:01]} Qc7 {[%emt 0:00:00]} 11. g3 {[%emt 0:00:01]} O-O {[%emt 0:00:01]} 12. Bg2 {[%emt 0:00:00]} a6 {[%emt 0:00:01]} 13. f4 {[%emt 0:00:01]} dxe4 {[%emt 0:00:01]} 14. Nxe4 {[%emt 0:00:01]} Nxe4 {[%emt 0:00:01]} 15. dxe4 {[%emt 0:00:01]} Bc5+ {[%emt 0:00:00]} 16. Kh1 {[%emt 0:00:01]} Rad8 {[%emt 0:00:00]} 17. e5 {[%emt 0:00:00]} Nb6 {[%emt 0:00:01]} 18. Qe2 {[%emt 0:00:01]} Qe7 {[%emt 0:00:01]} 19. Be4 {[%emt 0:00:01]} h6 {[%emt 0:00:01]} 20. Qh5 {[%emt 0:00:03]} Bf2 {[%emt 0:00:03]} 21. Rf1 {[%emt 0:00:01]} Bc5 {[%emt 0:00:02]} 22. f5 {[%emt 0:00:01]} Nd7 {[%emt 0:00:07]} 23. Qg4 {[%emt 0:00:03]} Kh8 {[%emt 0:00:02]} 24. Bf4 {[%emt 0:00:02]} Rde8 {[%emt 0:00:05]} 25. Rae1 {[%emt 0:00:02]} f6 {[%emt 0:00:01]} 26. fxe6 {[%emt 0:00:02]} Qxe6 {[%emt 0:00:01]} 27. Qg6 {[%emt 0:00:02]} Qg8 {[%emt 0:00:02]} 28. exf6 {[%emt 0:00:02]} Nxf6 {[%emt 0:00:00]} 29. Bf5 {[%emt 0:00:02]} Rxe1 {[%emt 0:00:01]} 30. Rxe1 {[%emt 0:00:01]} Re8 {[%emt 0:00:01]} 31. Rxe8 {[%emt 0:00:01]} Qxe8 {[%emt 0:00:00]} 32. Kg2 {[%emt 0:00:03]} Qe2+ {[%emt 0:00:01]} 33. Kh3 {[%emt 0:00:01]} Qf1+ {[%emt 0:00:02]} 34. Kh4 {[%emt 0:00:02]} Qg2 {[%emt 0:00:04]} 35. Bh3 {[%emt 0:00:03]} Qd5 {[%emt 0:00:02]} 36. Qf5 {[%emt 0:00:01]} Qxf5 {[%emt 0:00:01]} 37. Bxf5 {[%emt 0:00:00]} Nd5 {[%emt 0:00:01]} 38. Bc8 {[%emt 0:00:02]} Nxf4 {[%emt 0:00:01]} 39. gxf4 {[%emt 0:00:00]} b6 {[%emt 0:00:01]} 40. Bxa6 {[%emt 0:00:01]} Bf2+ {[%emt 0:00:00]} 41. Kg4 {[%emt 0:00:01]} Be3 {[%emt 0:00:00]} 42. h4 {[%emt 0:00:00]} Bc1 {[%emt 0:00:01]} 43. b3 {[%emt 0:00:01]} Bb2 {[%emt 0:00:01]} 44. c4 {[%emt 0:00:00]} Bd4 {[%emt 0:00:01]} 45. Bb7 {[%emt 0:00:00]} c5 {[%emt 0:00:01]} 46. Bd5 {[%emt 0:00:00]} Bc3 {[%emt 0:00:01]} 47. Kf5 {[%emt 0:00:00]} Ba5 {[%emt 0:00:00]} 48. Ke6 {[%emt 0:00:00]} Kh7 {[%emt 0:00:00]} 49. Kd7 {[%emt 0:00:01]} Kg6 {[%emt 0:00:00]} 50. Kc6 {[%emt 0:00:00]} Kf5 {[%emt 0:00:00]} 51. Kb5 {[%emt 0:00:00]} Kxf4 {[%emt 0:00:00]} 52. a3 {[%emt 0:00:01]} Bc3 {[%emt 0:00:03]} 53. h5 {[%emt 0:00:00]} Bb2 {[%emt 0:00:01]} 54. Bf7 {[%emt 0:00:00]} Bxa3 {[%emt 0:00:01]} 55. Kxb6 {[%emt 0:00:01]} Bb4 {[%emt 0:00:00]} 56. Kb5 {[%emt 0:00:01]} Kg5 {[%emt 0:00:00]} 57. Bd5 {[%emt 0:00:00]} Kf4 {[%emt 0:00:00]} 58. Bf7 {[%emt 0:00:00]} Kg5 {[%emt 0:00:00]} 59. Kc6 {[%emt 0:00:00]} Kg4 {[%emt 0:00:00]} 60. Kd5 {[%emt 0:00:00]} Kg5 {[%emt 0:00:00]} 61. Ke6 {[%emt 0:00:00]} Kf4 {[%emt 0:00:01]} 62. Ke7 {[%emt 0:00:00]} Kf5 {[%emt 0:00:01]} 63. Kf8 {[%emt 0:00:00]} Kf6 {[%emt 0:00:00]} 64. Kg8 {[%emt 0:00:01] Zaman (Lag: Av=0.45s, max=1.2s)} 1-0

[Event "Stay Safe Play From Home 325"]
[Site "Mustafa Kemal Atatürk"]
[Date "2020.07.23"]
[Round "3"]
[White "Sfantul321"]
[Black "Klausen"]
[Result "1-0"]
[WhiteElo "2058"]
[BlackElo "1793"]
[Annotator "NA"]
[PlyCount "69"]
[EventDate "2020.07.23"]
[EventType "swiss (blitz)"]

1. c4 {[%emt 0:00:01]} e6 {[%emt 0:00:02]} 2. Nc3 {[%emt 0:00:00]} d5 {[%emt 0:00:02]} 3. d4 {[%emt 0:00:00]} Nf6 {[%emt 0:00:02]} 4. Bg5 {[%emt 0:00:01]} Be7 {[%emt 0:00:02]} 5. e3 {[%emt 0:00:00]} O-O {[%emt 0:00:01]} 6. c5 {[%emt 0:00:01]} h6 {[%emt 0:00:02]} 7. Bf4 {[%emt 0:00:01]} Ne4 {[%emt 0:00:01]} 8. Bd3 {[%emt 0:00:03]} Nxc3 {[%emt 0:00:02]} 9. bxc3 {[%emt 0:00:00]} c6 {[%emt 0:00:02]} 10. Ne2 {[%emt 0:00:01]} Nd7 {[%emt 0:00:01]} 11. O-O {[%emt 0:00:01]} Bf6 {[%emt 0:00:01]} 12. e4 {[%emt 0:00:01]} e5 {[%emt 0:00:02]} 13. Be3 {[%emt 0:00:01]} exd4 {[%emt 0:00:03]} 14. cxd4 {[%emt 0:00:01]} dxe4 {[%emt 0:00:03]} 15. Bxe4 {[%emt 0:00:01]} Re8 {[%emt 0:00:02]} 16. Bc2 {[%emt 0:00:02]} Nf8 {[%emt 0:00:01]} 17. Rb1 {[%emt 0:00:01]} b6 {[%emt 0:00:02]} 18. cxb6 {[%emt 0:00:01]} axb6 {[%emt 0:00:02]} 19. Bb3 {[%emt 0:00:00]} Be6 {[%emt 0:00:02]} 20. Qc2 {[%emt 0:00:01]} Bd5 {[%emt 0:00:02]} 21. Nf4 {[%emt 0:00:02]} Bxb3 {[%emt 0:00:02]} 22. Qxb3 {[%emt 0:00:02]} Qd6 {[%emt 0:00:02]} 23. Rfd1 {[%emt 0:00:04]} b5 {[%emt 0:00:02]} 24. Nd3 {[%emt 0:00:02]} Ne6 {[%emt 0:00:02]} 25. Nb4 {[%emt 0:00:03]} Bxd4 {[%emt 0:00:03]} 26. Nc2 {[%emt 0:00:02]} c5 {[%emt 0:00:01]} 27. Qxb5 {[%emt 0:00:02]} Rab8 {[%emt 0:00:01]} 28. Qd3 {[%emt 0:00:03]} Rxb1 {[%emt 0:00:02]} 29. Rxb1 {[%emt 0:00:01]} Rd8 {[%emt 0:00:02]} 30. Rd1 {[%emt 0:00:02]} Bxe3 {[%emt 0:00:02]} 31. Qxd6 {[%emt 0:00:02]} Rxd6 {[%emt 0:00:01]} 32. Rxd6 {[%emt 0:00:01]} Bd4 {[%emt 0:00:00]} 33. Rd7 {[%emt 0:00:01]} Kf8 {[%emt 0:00:02]} 34. Ra7 {[%emt 0:00:01]} c4 {[%emt 0:00:01]} 35. Ra8+ {[%emt 0:00:01] ' Zeit (Lag: Av=0.39s, max=0.7s)} 1-0

[Event "Stay Safe Play From Home 325"]
[Site "Mustafa Kemal Atatürk"]
[Date "2020.07.23"]
[Round "3"]
[White "Greblha"]
[Black "Mepe_Nika"]
[Result "0-1"]
[WhiteElo "1931"]
[BlackElo "2372"]
[PlyCount "72"]
[EventDate "2020.07.23"]
[EventType "swiss (blitz)"]

1. e4 {[%emt 0:00:01]} c6 {[%emt 0:00:01]} 2. d4 {[%emt 0:00:01]} d5 {[%emt 0:00:00]} 3. exd5 {[%emt 0:00:00]} cxd5 {[%emt 0:00:01]} 4. Bd3 {[%emt 0:00:01]} Nc6 {[%emt 0:00:01]} 5. Ne2 {[%emt 0:00:01]} Nf6 {[%emt 0:00:01]} 6. c3 {[%emt 0:00:01]} e5 {[%emt 0:00:01]} 7. dxe5 {[%emt 0:00:01]} Nxe5 {[%emt 0:00:00]} 8. Bc2 {[%emt 0:00:01]} Bd6 {[%emt 0:00:01]} 9. O-O {[%emt 0:00:02]} O-O {[%emt 0:00:00]} 10. Ng3 {[%emt 0:00:01]} Bg4 {[%emt 0:00:01]} 11. Qe1 {[%emt 0:00:03]} h5 {[%emt 0:00:01]} 12. f3 {[%emt 0:00:02]} Re8 {[%emt 0:00:03]} 13. Qf2 {[%emt 0:00:02]} Rc8 {[%emt 0:00:03]} 14. Be3 {[%emt 0:00:01]} Bd7 {[%emt 0:00:04]} 15. Bxa7 {[%emt 0:00:03]} h4 {[%emt 0:00:01]} 16. Ne2 {[%emt 0:00:02]} Nc4 {[%emt 0:00:03]} 17. Bd4 {[%emt 0:00:03]} Qc7 {[%emt 0:00:01]} 18. h3 {[%emt 0:00:03]} Bg3 {[%emt 0:00:02]} 19. Kh1 {[%emt 0:00:03]} Nh5 {[%emt 0:00:01]} 20. Qg1 {[%emt 0:00:01]} Nxb2 {[%emt 0:00:01]} 21. Nd2 {[%emt 0:00:02]} Be5 {[%emt 0:00:02]} 22. Bxe5 {[%emt 0:00:03]} Qxe5 {[%emt 0:00:00]} 23. Nd4 {[%emt 0:00:04]} Ng3+ {[%emt 0:00:01]} 24. Kh2 {[%emt 0:00:01]} Ne2+ {[%emt 0:00:01]} 25. f4 {[%emt 0:00:04]} Nxf4 {[%emt 0:00:05]} 26. Rxf4 {[%emt 0:00:04]} Qxf4+ {[%emt 0:00:00]} 27. Kh1 {[%emt 0:00:01]} Rxc3 {[%emt 0:00:01]} 28. N2f3 {[%emt 0:00:02]} Nc4 {[%emt 0:00:03]} 29. Rf1 {[%emt 0:00:01]} Ne3 {[%emt 0:00:01]} 30. Qf2 {[%emt 0:00:01]} Nxc2 {[%emt 0:00:01]} 31. Qxc2 {[%emt 0:00:01]} Rxc2 {[%emt 0:00:01]} 32. Nxc2 {[%emt 0:00:00]} Bb5 {[%emt 0:00:01]} 33. Rd1 {[%emt 0:00:02]} Re2 {[%emt 0:00:01]} 34. Ncd4 {[%emt 0:00:01]} Qe3 {[%emt 0:00:02]} 35. Rg1 {[%emt 0:00:01]} Rb2 {[%emt 0:00:03]} 36. Nf5 {[%emt 0:00:01]} Qf4 {[%emt 0:00:01] Zeit (Lag: Av=0.40s, max=0.8s)} 0-1

[Event "Stay Safe Play From Home 325"]
[Site "Mustafa Kemal Atatürk"]
[Date "2020.07.23"]
[Round "3"]
[White "Haris kollari 13"]
[Black "Meini"]
[Result "0-1"]
[WhiteElo "1638"]
[BlackElo "1552"]
[Annotator "NA"]
[PlyCount "62"]
[EventDate "2020.07.23"]
[EventType "swiss (blitz)"]

1. e4 {[%emt 0:00:01]} c6 {[%emt 0:00:01]} 2. f4 {[%emt 0:00:01]} d5 {[%emt 0:00:00]} 3. e5 {[%emt 0:00:00]} Bf5 {[%emt 0:00:01]} 4. d4 {[%emt 0:00:01]} e6 {[%emt 0:00:01]} 5. c3 {[%emt 0:00:01]} c5 {[%emt 0:00:01]} 6. Nf3 {[%emt 0:00:00]} Nc6 {[%emt 0:00:01]} 7. Be3 {[%emt 0:00:02]} Qb6 {[%emt 0:00:01]} 8. b3 {[%emt 0:00:02]} cxd4 {[%emt 0:00:01]} 9. cxd4 {[%emt 0:00:01]} Bb4+ {[%emt 0:00:01]} 10. Nbd2 {[%emt 0:00:02]} Nge7 {[%emt 0:00:01]} 11. Be2 {[%emt 0:00:02]} O-O {[%emt 0:00:01]} 12. O-O {[%emt 0:00:01]} Rac8 {[%emt 0:00:01]} 13. a3 {[%emt 0:00:05]} Bxd2 {[%emt 0:00:02]} 14. Qxd2 {[%emt 0:00:01]} Na5 {[%emt 0:00:01]} 15. Bd1 {[%emt 0:00:04]} Rc7 {[%emt 0:00:02]} 16. Bf2 {[%emt 0:00:04]} Rfc8 {[%emt 0:00:01]} 17. Be1 {[%emt 0:00:01]} Nac6 {[%emt 0:00:02]} 18. h3 {[%emt 0:00:03]} Bg6 {[%emt 0:00:01]} 19. g4 {[%emt 0:00:02]} Nf5 {[%emt 0:00:00]} 20. gxf5 {[%emt 0:00:01]} Bxf5 {[%emt 0:00:00]} 21. Kh2 {[%emt 0:00:02]} Ne7 {[%emt 0:00:02]} 22. a4 {[%emt 0:00:02]} Bg6 {[%emt 0:00:02]} 23. a5 {[%emt 0:00:03]} Qc6 {[%emt 0:00:04]} 24. b4 {[%emt 0:00:01]} Nf5 {[%emt 0:00:03]} 25. b5 {[%emt 0:00:04]} Qd7 {[%emt 0:00:01]} 26. b6 {[%emt 0:00:02]} axb6 {[%emt 0:00:01]} 27. axb6 {[%emt 0:00:01]} Rc3 {[%emt 0:00:01]} 28. Ba4 {[%emt 0:00:02]} Qe7 {[%emt 0:00:02]} 29. Ng5 {[%emt 0:00:02]} h6 {[%emt 0:00:02]} 30. Nf3 {[%emt 0:00:02]} Qb4 {[%emt 0:00:02]} 31. Bd1 {[%emt 0:00:04]} Rxf3 {[%emt 0:00:03] Time (Lag: Av=0.48s, max=0.7s)} 0-1

[Event "Stay Safe Play From Home 325"]
[Site "Mustafa Kemal Atatürk"]
[Date "2020.07.23"]
[Round "3"]
[White "Trotsky"]
[Black "Mandy"]
[Result "1-0"]
[WhiteElo "1587"]
[BlackElo "875"]
[Annotator "NA"]
[PlyCount "31"]
[EventDate "2020.07.23"]
[EventType "swiss (blitz)"]

1. d4 {[%emt 0:00:01]} d5 {[%emt 0:00:02]} 2. e3 {[%emt 0:00:00]} c6 {[%emt 0:00:01]} 3. c4 {[%emt 0:00:00]} Nf6 {[%emt 0:00:02]} 4. Nc3 {[%emt 0:00:01]} e6 {[%emt 0:00:01]} 5. Qc2 {[%emt 0:00:02]} Qc7 {[%emt 0:00:03]} 6. c5 {[%emt 0:00:01]} Nbd7 {[%emt 0:00:01]} 7. Bd2 {[%emt 0:00:01]} Be7 {[%emt 0:00:04]} 8. Nf3 {[%emt 0:00:01]} O-O {[%emt 0:00:03]} 9. Bd3 {[%emt 0:00:01]} Ne4 {[%emt 0:00:10]} 10. h4 {[%emt 0:00:02]} Bf6 {[%emt 0:00:08]} 11. Nxe4 {[%emt 0:00:01]} dxe4 {[%emt 0:00:07]} 12. Bxe4 {[%emt 0:00:01]} b6 {[%emt 0:00:11]} 13. Ng5 {[%emt 0:00:01]} Bxg5 {[%emt 0:00:02]} 14. hxg5 {[%emt 0:00:01]} g6 {[%emt 0:00:02]} 15. O-O-O {[%emt 0:00:02]} bxc5 {[%emt 0:00:03]} 16. Rh6 {[%emt 0:00:01] Zeit (Lag: Av=0.41s, max=0.5s)} 1-0

[Event "Stay Safe Play From Home 325"]
[Site "Mustafa Kemal Atatürk"]
[Date "2020.07.23"]
[Round "3"]
[White "Klasman"]
[Black "Mamba2001de"]
[Result "1-0"]
[WhiteElo "1373"]
[BlackElo "1480"]
[Annotator "NA"]
[PlyCount "37"]
[EventDate "2020.07.23"]
[EventType "swiss (blitz)"]

1. f4 {[%emt 0:00:02]} e6 {[%emt 0:00:01]} 2. e4 {[%emt 0:00:01]} d5 {[%emt 0:00:01]} 3. e5 {[%emt 0:00:01]} c5 {[%emt 0:00:01]} 4. c4 {[%emt 0:00:01]} Nc6 {[%emt 0:00:00]} 5. cxd5 {[%emt 0:00:02]} exd5 {[%emt 0:00:01]} 6. Nf3 {[%emt 0:00:03]} Bg4 {[%emt 0:00:02]} 7. Bb5 {[%emt 0:00:02]} Rc8 {[%emt 0:00:02]} 8. h3 {[%emt 0:00:01]} Bd7 {[%emt 0:00:02]} 9. d4 {[%emt 0:00:06]} c4 {[%emt 0:00:01]} 10. Nc3 {[%emt 0:00:03]} a6 {[%emt 0:00:02]} 11. Ba4 {[%emt 0:00:03]} b5 {[%emt 0:00:01]} 12. Bc2 {[%emt 0:00:02]} Be6 {[%emt 0:00:01]} 13. f5 {[%emt 0:00:03]} b4 {[%emt 0:00:02]} 14. fxe6 {[%emt 0:00:02]} bxc3 {[%emt 0:00:01]} 15. exf7+ {[%emt 0:00:01]} Kxf7 {[%emt 0:00:01]} 16. O-O {[%emt 0:00:02]} Ke8 {[%emt 0:00:02]} 17. Ng5 {[%emt 0:00:06]} Be7 {[%emt 0:00:06]} 18. Qf3 {[%emt 0:00:03]} Bxg5 {[%emt 0:00:02]} 19. Qf7# {[%emt 0:00:02] (Lag: Av=0.36s, max=0.4s)} 1-0

[Event "Stay Safe Play From Home 325"]
[Site "Mustafa Kemal Atatürk"]
[Date "2020.07.23"]
[Round "4"]
[White "Broken sword"]
[Black "Mepe_Nika"]
[Result "1-0"]
[WhiteElo "2470"]
[BlackElo "2374"]
[PlyCount "109"]
[EventDate "2020.07.23"]
[EventType "swiss (blitz)"]

1. e4 {[%emt 0:00:01]} c6 {[%emt 0:00:01]} 2. d4 {[%emt 0:00:01]} d5 {[%emt 0:00:00]} 3. Nc3 {[%emt 0:00:00]} dxe4 {[%emt 0:00:01]} 4. Nxe4 {[%emt 0:00:00]} Nf6 {[%emt 0:00:01]} 5. Nxf6+ {[%emt 0:00:01]} exf6 {[%emt 0:00:00]} 6. c3 {[%emt 0:00:00]} Bd6 {[%emt 0:00:01]} 7. Bd3 {[%emt 0:00:00]} O-O {[%emt 0:00:01]} 8. Qc2 {[%emt 0:00:00]} h5 {[%emt 0:00:01]} 9. Ne2 {[%emt 0:00:01]} h4 {[%emt 0:00:01]} 10. Bd2 {[%emt 0:00:01]} h3 {[%emt 0:00:01]} 11. g3 {[%emt 0:00:01]} b5 {[%emt 0:00:01]} 12. O-O-O {[%emt 0:00:01]} a5 {[%emt 0:00:01]} 13. Kb1 {[%emt 0:00:01]} a4 {[%emt 0:00:02]} 14. Bf4 {[%emt 0:00:01]} Be6 {[%emt 0:00:01]} 15. Bf5 {[%emt 0:00:02]} Re8 {[%emt 0:00:01]} 16. Bxe6 {[%emt 0:00:01]} Rxe6 {[%emt 0:00:00]} 17. Bxd6 {[%emt 0:00:01]} Qxd6 {[%emt 0:00:00]} 18. Nf4 {[%emt 0:00:00]} Re8 {[%emt 0:00:01]} 19. Nxh3 {[%emt 0:00:01]} Nd7 {[%emt 0:00:01]} 20. Nf4 {[%emt 0:00:01]} b4 {[%emt 0:00:02]} 21. Rhe1 {[%emt 0:00:03]} Nb6 {[%emt 0:00:03]} 22. Rxe8+ {[%emt 0:00:03]} Rxe8 {[%emt 0:00:00]} 23. c4 {[%emt 0:00:01]} Qe7 {[%emt 0:00:04]} 24. c5 {[%emt 0:00:02]} Nd7 {[%emt 0:00:01]} 25. Qxa4 {[%emt 0:00:03]} Qe4+ {[%emt 0:00:01]} 26. Qc2 {[%emt 0:00:01]} Qf3 {[%emt 0:00:00]} 27. h4 {[%emt 0:00:02]} f5 {[%emt 0:00:02]} 28. Qd3 {[%emt 0:00:02]} Qg4 {[%emt 0:00:03]} 29. Rd2 {[%emt 0:00:02]} Nf6 {[%emt 0:00:01]} 30. d5 {[%emt 0:00:02]} cxd5 {[%emt 0:00:02]} 31. Nxd5 {[%emt 0:00:00]} Ne4 {[%emt 0:00:01]} 32. Re2 {[%emt 0:00:02]} Qh3 {[%emt 0:00:00]} 33. Kc2 {[%emt 0:00:02]} Qf1 {[%emt 0:00:02]} 34. c6 {[%emt 0:00:01]} Qa1 {[%emt 0:00:01]} 35. c7 {[%emt 0:00:01]} Qxa2 {[%emt 0:00:01]} 36. f3 {[%emt 0:00:02]} b3+ {[%emt 0:00:02]} 37. Qxb3 {[%emt 0:00:01]} Qa8 {[%emt 0:00:00]} 38. fxe4 {[%emt 0:00:01]} fxe4 {[%emt 0:00:01]} 39. Qc4 {[%emt 0:00:01]} Kh8 {[%emt 0:00:04]} 40. Rxe4 {[%emt 0:00:01]} Rc8 {[%emt 0:00:01]} 41. Re3 {[%emt 0:00:01]} Qa7 {[%emt 0:00:03]} 42. Rc3 {[%emt 0:00:01]} Qf2+ {[%emt 0:00:01]} 43. Kb1 {[%emt 0:00:00]} Qe1+ {[%emt 0:00:01]} 44. Rc1 {[%emt 0:00:01]} Qe5 {[%emt 0:00:01]} 45. Rc2 {[%emt 0:00:01]} Qe1+ {[%emt 0:00:01]} 46. Rc1 {[%emt 0:00:01]} Qe5 {[%emt 0:00:01]} 47. b3 {[%emt 0:00:00]} Qe1 {[%emt 0:00:01]} 48. Rxe1 {[%emt 0:00:01]} g6 {[%emt 0:00:01]} 49. Qc6 {[%emt 0:00:01]} Kg7 {[%emt 0:00:00]} 50. Qd7 {[%emt 0:00:00]} Ra8 {[%emt 0:00:00]} 51. Re7 {[%emt 0:00:01]} Ra3 {[%emt 0:00:00]} 52. Rxf7+ {[%emt 0:00:01]} Kg8 {[%emt 0:00:01]} 53. Rg7+ {[%emt 0:00:01]} Kh8 {[%emt 0:00:00]} 54. Rh7+ {[%emt 0:00:00]} Kg8 {[%emt 0:00:02]} 55. Qf7# {[%emt 0:00:00] (Lag: Av=0.33s, max=0.5s)} 1-0

[Event "Stay Safe Play From Home 325"]
[Site "Mustafa Kemal Atatürk"]
[Date "2020.07.23"]
[Round "4"]
[White "Lamborghini"]
[Black "Klasman"]
[Result "1-0"]
[WhiteElo "2236"]
[BlackElo "1395"]
[PlyCount "37"]
[EventDate "2020.07.23"]
[EventType "swiss (blitz)"]

1. e4 {[%emt 0:00:02]} f5 {[%emt 0:00:01]} 2. exf5 {[%emt 0:00:02]} Nf6 {[%emt 0:00:01]} 3. Ne2 {[%emt 0:00:01]} h5 {[%emt 0:00:06]} 4. b4 {[%emt 0:00:04]} d5 {[%emt 0:00:01]} 5. Nd4 {[%emt 0:00:01]} b6 {[%emt 0:00:04]} 6. b5 {[%emt 0:00:03]} Bb7 {[%emt 0:00:03]} 7. Bb2 {[%emt 0:00:02]} Nbd7 {[%emt 0:00:04]} 8. Ne6 {[%emt 0:00:01]} Qc8 {[%emt 0:00:04]} 9. d4 {[%emt 0:00:01]} Ne4 {[%emt 0:00:05]} 10. Bd3 {[%emt 0:00:01]} Ndf6 {[%emt 0:00:02]} 11. O-O {[%emt 0:00:02]} h4 {[%emt 0:00:03]} 12. Nd2 {[%emt 0:00:01]} h3 {[%emt 0:00:01]} 13. g3 {[%emt 0:00:01]} c6 {[%emt 0:00:10]} 14. a4 {[%emt 0:00:02]} c5 {[%emt 0:00:02]} 15. Re1 {[%emt 0:00:01]} c4 {[%emt 0:00:03]} 16. Bf1 {[%emt 0:00:09]} g6 {[%emt 0:00:07]} 17. fxg6 {[%emt 0:00:02]} Qxe6 {[%emt 0:00:01]} 18. g7 {[%emt 0:00:02]} Bxg7 {[%emt 0:00:02]} 19. Nxe4 {[%emt 0:00:00] Time (Lag: Av=0.47s, max=1.1s)} 1-0